000 00721nam a22002537a 4500
003 UA-OsUOA
001 23148
007 ta
008 20040113b un ||||| |||| 00| 0 ukr d
100 _aХаришин М.В.
090 _a27(477)
_bХ20
942 _cBK
040 _aUA-OsUOA
_bukr
_cUA-OsUOA
_dUA-OsUOA
245 _aІсторія підпорядкування Української Православної церкви Московському Патріархату
_bМонографія
300 _a176 с.
955 _a0
041 _aukr
080 _a27(477)
020 _a5-7707-9-8062-2
260 _aКиїв
_bВентурі
_c1995
044 _aUA
650 7 _2UDC
999 _c309391
_d309391